000 00531nam a2200181Ia 4500
008 090123s9999 xx 000 0 und d
082 _b18495
100 _aराही मासूम रजा
245 _aमहाभारत
250 _a1
260 _bपरचुरे प्रकाशन
_c1990
300 _a431
600 _aराही मासूम रजा
630 _aमहाभारत
700 _aराही मासूम रजा
730 _aमहाभारत
942 _cBOOK
999 _c56558
_d56558